Loading...

Tears of autumn /

Bibliografiske detaljer
Hovedforfatter: Mccarry, Charles
Sprog:Undetermined
Udgivet: Toronto : Irwin & co Ltd , 1974.
LEADER 00433nam a2200133Ia 4500
001 42819
008 170722s9999 xx 000 0 und d
100 |a Mccarry, Charles 
245 |a Tears of autumn / 
260 |a Toronto :  |b Irwin & co Ltd ,  |c 1974. 
300 |a Ppx+274  |c 21cms 
942 |c GEN 
999 |c 89624  |d 89624 
952 |0 0  |1 0  |4 0  |6 O_3NMC1T_L4  |7 0  |8 LC1  |9 125662  |a LIB  |b LIB  |d 2017-08-12  |h LC1  |o O-,3NMC1,T L4  |p 162949  |r 2017-08-12  |v 0.00  |w 2017-08-12  |y GEN